| 000 | 00536nam a22002057a 4500 | ||
|---|---|---|---|
| 003 | OSt | ||
| 005 | 20240624163110.0 | ||
| 008 | 240624b |||||||| |||| 00| 0 eng d | ||
| 020 | _a9788122430622 | ||
| 040 | _cMUST | ||
| 082 | _a547 BAN 2012 | ||
| 100 | _4Bansal Raj K | ||
| 245 | _aOrganic reaction mechanisms | ||
| 250 | _a.- 4th ed. | ||
| 260 |
_aNew Delhi _b: New age International ltd publishers _c,2012 |
||
| 300 |
_axv, 548p. _b: ill _c; 24 cm |
||
| 504 | _aincludes index | ||
| 650 | _2Mechanisation | ||
| 942 |
_2ddc _cO_SHELF |
||
| 999 |
_c8770 _d8770 |
||